| 000 | 00687cam a2200229 4500500 | ||
|---|---|---|---|
| 005 | 20260405002133.0 | ||
| 041 | _afre | ||
| 042 | _adc | ||
| 100 | 1 | 0 |
_aGarnier, Philippe _eauthor |
| 245 | 0 | 0 | _aAndré Comte-Sponville : “On ne naît pas vertueux, on le devient” |
| 260 | _c2016. | ||
| 500 | _a21 | ||
| 690 | _aAndré Comte-Sponville | ||
| 690 | _aBien | ||
| 690 | _aEnseignement | ||
| 690 | _aMal | ||
| 690 | _aMorale | ||
| 690 | _aphilosophie | ||
| 690 | _aPolitesse | ||
| 786 | 0 | _nPhilosophie magazine | 96 | 2 | 2016-02-01 | p. 22-22 | 1951-1787 | |
| 856 | 4 | 1 | _uhttps://shs.cairn.info/magazine-philosophie-magazine-2016-2-page-22?lang=fr&redirect-ssocas=7080 |
| 999 |
_c2054624 _d2054624 |
||